Technology Transfer: From Invention to Innovation / (Record no. 616585)

MARC details
000 -LEADER
fixed length control field 01925nam a2200181Ia 4500
008 - FIXED-LENGTH DATA ELEMENTS--GENERAL INFORMATION
fixed length control field 260302s9999 xx 000 0 und d
020 ## - INTERNATIONAL STANDARD BOOK NUMBER
ISBN 9780792356226
082 ## - DEWEY DECIMAL CLASSIFICATION NUMBER
Classification number 338.926
Item number INZ
100 ## - MAIN ENTRY--AUTHOR NAME
Personal name Inzelt, A.
245 #0 - TITLE STATEMENT
Title Technology Transfer: From Invention to Innovation /
Statement of responsibility, etc Inzelt, A.; Hilton, Jan
260 ## - PUBLICATION, DISTRIBUTION, ETC. (IMPRINT)
Name of publisher Springer Science & Business Media,
Year of publication 1999
300 ## - PHYSICAL DESCRIPTION
Number of Pages 376 pages
520 ## - SUMMARY, ETC.
Summary, etc Technology transfer has expanded rapidly over the past 20 years in Western Europe, North America and the Pacific Rim. It has been estimated that some 50% of new products and processes will originate outside the primary developer; academic and other research institutions are obvious sources of much of this new technology. In the NATO Co-operating countries, however, technology transfer is in its infancy; it is crucial for wealth creation and improvement in the quality of life that this mechanism is developed. The papers selected for inclusion in this book discuss issues related to the development of technology transfer in NATO Co-operating countries. The book identifies crucial research issues for science and technology policy researchers and, as a conclusion, offers some policy recommendations. The authors are drawn from NATO and Co-operating partner countries, from other parts of the world, and from international organisations. The focus of the book is on the institutional framework of knowledge and technology transfer; intellectual property rights as sources of information and tools for co-operation; international, national and regional aspects of knowledge and technology dissemination and diffusion; and networking. Audience: Academic institutions, research institutes, intellectual property practitioners, science and technology policy makers, technology transfer managers, high-tech industries.
650 ## - SUBJECT ADDED ENTRY--TOPICAL TERM
Topical Term Business & Economics
700 ## - ADDED ENTRY--PERSONAL NAME
Personal name Hilton, Jan
942 ## - ADDED ENTRY ELEMENTS (KOHA)
Koha item type English Books
Holdings
Withdrawn status Lost status Damaged status Not for loan Home library Current library Shelving location Date acquired Full call number Accession Number Price effective from Koha item type
        Anna Centenary Library Anna Centenary Library 4TH FLOOR, A WING 02.03.2026 338.926 INZ 209934 02.03.2026 English Books

Find us on the map